<?xml version="1.0" encoding="UTF-8"?>
<record
    xmlns:xsi="http://www.w3.org/2001/XMLSchema-instance"
    xsi:schemaLocation="http://www.loc.gov/MARC21/slim http://www.loc.gov/standards/marcxml/schema/MARC21slim.xsd"
    xmlns="http://www.loc.gov/MARC21/slim">

  <leader>00650nam a2200217Ia 4500</leader>
  <datafield tag="999" ind1=" " ind2=" ">
    <subfield code="c">41099</subfield>
    <subfield code="d">41099</subfield>
  </datafield>
  <controlfield tag="001">7749</controlfield>
  <controlfield tag="003">GE_BSU</controlfield>
  <controlfield tag="005">20221114145500.0</controlfield>
  <controlfield tag="008">181216s2011en  xx |||||||||||||| ||eng||</controlfield>
  <datafield tag="020" ind1=" " ind2=" ">
    <subfield code="a">9780470402573x</subfield>
  </datafield>
  <datafield tag="040" ind1=" " ind2=" ">
    <subfield code="c">GE_BSU</subfield>
  </datafield>
  <datafield tag="041" ind1=" " ind2=" ">
    <subfield code="a">eng</subfield>
  </datafield>
  <datafield tag="080" ind1=" " ind2=" ">
    <subfield code="a">72.09 C-52</subfield>
  </datafield>
  <datafield tag="100" ind1=" " ind2=" ">
    <subfield code="a">Ching, Francis D.K.</subfield>
    <subfield code="9">14750</subfield>
  </datafield>
  <datafield tag="245" ind1=" " ind2="2">
    <subfield code="a">A Global History of Architecture /</subfield>
    <subfield code="c">Francis D.K. Ching,</subfield>
  </datafield>
  <datafield tag="264" ind1=" " ind2=" ">
    <subfield code="a">New Jersey :</subfield>
    <subfield code="b">Hoboken,</subfield>
    <subfield code="c">2011.</subfield>
  </datafield>
  <datafield tag="300" ind1=" " ind2=" ">
    <subfield code="a">848p.;</subfield>
    <subfield code="b">Ill. </subfield>
    <subfield code="c"> 29 cm.</subfield>
  </datafield>
  <datafield tag="653" ind1=" " ind2=" ">
    <subfield code="a">A Global History of Architecture</subfield>
  </datafield>
  <datafield tag="653" ind1=" " ind2=" ">
    <subfield code="a">&#x10D0;&#x10E0;&#x10E5;&#x10D8;&#x10E2;&#x10D4;&#x10E5;&#x10E2;&#x10E3;&#x10E0;&#x10D8;&#x10E1; &#x10D2;&#x10DA;&#x10DD;&#x10D1;&#x10D0;&#x10DA;&#x10E3;&#x10E0;&#x10D8; &#x10D8;&#x10E1;&#x10E2;&#x10DD;&#x10E0;&#x10D8;&#x10D0;</subfield>
  </datafield>
  <datafield tag="942" ind1=" " ind2=" ">
    <subfield code="c">BK</subfield>
    <subfield code="2">udc</subfield>
  </datafield>
  <datafield tag="952" ind1=" " ind2=" ">
    <subfield code="0">0</subfield>
    <subfield code="1">0</subfield>
    <subfield code="2">udc</subfield>
    <subfield code="4">0</subfield>
    <subfield code="6">7209_C52</subfield>
    <subfield code="7">0</subfield>
    <subfield code="9">47265</subfield>
    <subfield code="a">CPL</subfield>
    <subfield code="b">SPL</subfield>
    <subfield code="c">GEN</subfield>
    <subfield code="d">2018-12-17</subfield>
    <subfield code="g">148.00</subfield>
    <subfield code="o">72.09 C-52</subfield>
    <subfield code="p">24137</subfield>
    <subfield code="r">2018-12-17</subfield>
    <subfield code="t">24137</subfield>
    <subfield code="w">2018-12-17</subfield>
    <subfield code="y">BK</subfield>
    <subfield code="z">148 gel.</subfield>
  </datafield>
</record>
